000 02422nam a2200277Ia 4500
003 Ost
005 20260507075456.0
008 260507s9999||||xx |||||||||||||| ||und||
020 _a9789957243517
040 _cfsecg
041 _aara
082 _a657.45
100 _aجمعة، احمد حلمي
_eمؤلف
245 0 _aالتدقيق و التاكيد الحديث المشاكل والمسؤليات - الادوات والخدمات /
_c احمد حلمي جمعة
260 _aعمان:
_bدار الصفاء للنشر,
_c2009
300 _a608 صفحة؛
_bإيضاحات ؛
_c24 سم
490 _aسلسلة الكتب التعليمية - الكتاب الثاني
504 _aبيبليوغرافيا ص.599 ؛ ملاحق ص.569
520 _aضم هذا الكتاب قسمين اثنين القسم الأول : مشاكل الرأي والمسؤوليات القانونية الفصل الأول : موقف المدقق من القياس المحاسبي للنفقات الفصل الثاني : موقف المدقق من القياس المحاسبي للايرادات الفصل الثالث: موقف المدقق من القياس المحاسبي للمخصصات الفصل الرابع : موقف المدقق من القياس المحاسبي للاحتياطيات الفصل الخامس : موقف المدقق من القياس المحاسبي للاستهلاكات الفصل السادس: موقف المدقق من القياس المحاسبي للربح الفصل السابع : موقف المدقق من الأرباح القابلة للتوزيع القسم الثاني : الأدوات والخدمات المهنية الفصل الثامن : الرقابة الداخلية في بيئة تكنولوجيا المعلومات الفصل التاسع : التدقيق في بيئة تكنولوجيا المعلومات الفصل العاشر : عينات التدقبق الفصل الحادي عشر : التدقيق لاجراءات التحليلية الفصل الثاني عشر : التدقيق لاغراض خاصة الفصل الثالث عشر : الخدمات الاستشارية للادارة
653 _aالتدقيق
653 _aالمالية
653 _aالمحاسبة التحليلية
653 _aالمحاسبة المالية
653 _aمراجعة الحسابات
942 _cكتاب
999 _c44672
_d44672